| 000 | 00454nam a2200181Ia 4500 | ||
|---|---|---|---|
| 008 | 230711s9999||||xx |||||||||||||| ||und|| | ||
| 020 | _a978-81-203-2722-1 | ||
| 041 | _aENG | ||
| 082 |
_a621.381 _bMA-A |
||
| 100 | _aMaheshwari,L.K | ||
| 245 | 0 | _aAnalog Electronics | |
| 250 | _a1st Ed. | ||
| 260 |
_c2005 _aNew Delhi _bPHI Learning Private Limited |
||
| 300 | _a690p. | ||
| 650 | _aElectronics Engineering | ||
| 700 | _aAnand,M. M. S. | ||
| 942 | _cBK | ||
| 999 |
_c6623 _d6623 |
||